NASCAR Sprint Cup Series Chasers - Statistics

General Stats
  • This quiz has been taken 266 times
    231 since last reset
  • The average score is 27 of 36
Answer Stats
First Year Qualified Answer % Correct
2004 Jimmie Johnson
98%
2004 Jeff Gordon
96%
2004 Kurt Busch
96%
2006 Kyle Busch
96%
2006 Kevin Harvick
92%
2004 Tony Stewart
89%
2004 Matt Kenseth
88%
2005 Carl Edwards
87%
2006 Denny Hamlin
87%
2007 Martin Truex Jr
87%
2004 Dale Earnhardt Jr
86%
2016 Chase Elliott
85%
2013 Joey Logano
85%
2011 Brad Keselowski
84%
2004 Mark Martin
83%
2004 Ryan Newman
83%
2006 Kasey Kahne
81%
2005 Greg Biffle
77%
2007 Clint Bowyer
76%
2016 Kyle Larson
75%
2017 Ryan Blaney
71%
2015 Jamie McMurray
70%
2016 Austin Dillon
69%
2014 Aric Almirola
64%
2018 Alex Bowman
62%
2018 Erik Jones
62%
2016 Chris Buescher
59%
2005 Rusty Wallace
59%
2009 Juan Pablo Montoya
57%
2004 Jeremy Mayfield
55%
2006 Jeff Burton
54%
2017 Ricky Stenhouse Jr
53%
2009 Brian Vickers
52%
2014 AJ Allmendinger
51%
2004 Elliott Sadler
50%
2015 Paul Menard
46%
No matching quizzes found
Score Distribution
Percent of People with Each Score
Percentile by Number Answered
Your Score History
You have not taken this quiz since the last reset